00546nam a22001577a 4500003000400000005001700004008004100021020001500062040000600077082002500083100003100108245011600139260007300255300001500328440004500343OSt20180116183054.0160905b xxu||||| |||| 00| 0 eng d a9694170648 c0 a015.5491075 NAT 2000 aCompiled by Shahid Mahmood aNational Bibliography of Research ThesesbSubmitted to the Universities of PakistancCompiled by Shahid Mahmood aIslamabad- PakistanbMaqsood Ahmed University Grant Commissionc2000 a442 p.bPB aNational Bibliography of Research Theses